Wheels and wings / (Record no. 112210)
[ view plain ]
| 000 -LEADER | |
|---|---|
| fixed length control field | 00739nam a2200181 a 4500 |
| 005 - DATE AND TIME OF LATEST TRANSACTION | |
| control field | 20140414131931.0 |
| 008 - FIXED-LENGTH DATA ELEMENTS--GENERAL INFORMATION | |
| fixed length control field | 970101s19uu xx 00 eng d |
| 020 ## - INTERNATIONAL STANDARD BOOK NUMBER | |
| International Standard Book Number | 0-8094-4861-0 |
| 050 ## - LIBRARY OF CONGRESS CALL NUMBER | |
| Classification number | REF 629.04 |
| Item number | C54 1983 |
| 245 ## - TITLE STATEMENT | |
| Title | Wheels and wings / |
| Statement of responsibility, etc | editor C. E. Berry. |
| 260 ## - PUBLICATION, DISTRIBUTION, ETC. (IMPRINT) | |
| Place of publication, distribution, etc | Hong Kong : |
| Name of publisher, distributor, etc | Time-Life Books, |
| Date of publication, distribution, etc | 1983. |
| 300 ## - PHYSICAL DESCRIPTION | |
| Extent | 87 p. : ill., col. ; cm. |
| 440 ## - SERIES STATEMENT/ADDED ENTRY--TITLE | |
| Title | A Child's first library of learning |
| 520 ## - SUMMARY, ETC. | |
| Summary, etc | Provides answers to questions about bikes, cars, trucks, trains, ships, submarines, planes, and rockets, including how they are built, why they work, and how to operate them safely. An activities section is included |
| 650 ## - SUBJECT ADDED ENTRY--TOPICAL TERM | |
| Topical term or geographic name as entry element | Vehicles |
| General subdivision | Miscellanea |
| 650 ## - SUBJECT ADDED ENTRY--TOPICAL TERM | |
| Topical term or geographic name as entry element | Questions and answers. |
| Withdrawn status | Lost status | Damaged status | Home library | Current library | Shelving location | Date acquired | Source of acquisition | Total Checkouts | Full call number | Barcode | Date last seen | Price effective from | Koha item type |
|---|---|---|---|---|---|---|---|---|---|---|---|---|---|
| Munich Library | Munich Library | Reference Section | 03/31/2004 | REF 629.04 C54 1983 | M3423 | 04/14/2014 | 04/14/2014 | Books |